The leadership odyssey : (Record no. 100199)

MARC details
000 -LEADER
fixed length control field 00732nam a22002177a 4500
005 - DATE AND TIME OF LATEST TRANSACTION
control field 20160606145241.0
010 ## - LCCN (DPL NO)
LC control number ENG-115208
020 ## - INTERNATIONAL STANDARD BOOK NUMBER
International Standard Book Number 9789351507369
Terms of availability 975.00
035 ## - SYSTEM CONTROL NUMBER
System control number EN-98740
037 ## - SOURCE OF ACQUISITION
Source of stock number/acquisition DBAD/PUB
082 00 - DEWEY DECIMAL CLASSIFICATION NUMBER
Classification number 303.34
Edition number 23
100 1# - MAIN ENTRY--PERSONAL NAME
Personal name Pritam Singh
245 14 - TITLE STATEMENT
Title The leadership odyssey :
Remainder of title from darkness to light /
Statement of responsibility, etc by Pritam Singh, Asha Bhandarker [and] Snigdha Rai
260 ## - PUBLICATION, DISTRIBUTION, ETC. (IMPRINT)
Place of publication, distribution, etc New Delhi
Name of publisher, distributor, etc SAGE Publications
Date of publication, distribution, etc 2016
270 ## - ADDRESS
Address B1/I-1 Mohan Cooperative Industrial Area , Mathura Road
City New Delhi
Postal code 110044
300 ## - PHYSICAL DESCRIPTION
Extent xxxi, 332p.
Dimensions 25cm(Hb)
650 #0 - SUBJECT ADDED ENTRY--TOPICAL TERM
Topical term or geographic name as entry element Leadership
General subdivision Moral and ethical aspects.
700 1# - ADDED ENTRY--PERSONAL NAME
Personal name Bhandarker, Asha
700 1# - ADDED ENTRY--PERSONAL NAME
Personal name Rai, Snigdha
942 ## - ADDED ENTRY ELEMENTS (KOHA)
Source of classification or shelving scheme Dewey Decimal Classification
Item type English Books
Classification part 303.34
Call number suffix PRI
Holdings
Withdrawn status Lost status Not for loan Collection code Home library Current library Date acquired Source of acquisition Cost, normal purchase price Full call number Barcode Copy number Cost, replacement price Koha item type
    Not For Loan Non-fiction D.B.Act.Division Bawana 06/06/2016 DBAD/PUB 975.00 303.34 PRI EN-98740 1 975.00 English Books

© Delhi Public Library
Hit Counter
free hit counter